02895nam a22002177a 4500003000900000005001700009008003000026020001500056040002200071082002400093086000600117245009700123260005400220300002600274500008300300505215400383600004202537650002702579650003602606650003502642DO-SdBNP20210409143951.0210315b 2005 dr 00| 0 spa d a999343938X aBPMSUbspacBPMSU aRD868.44bB931L222 2  aEl Búho y la luna:bentrevistas a José Mármol /ccompilador y editor Basilio Belliard  aSanto Domingo:bLibrería La Trinitaria, c2005. a278 p. ;bil.c24 cm. 3Incluye datos Biográfico del entrevistado en la solapa de la contracubierta 0 aPresentación : las palabras del pensamiento -- Las voces del pensamiento : Crónicas lunares -- La revolución poética debe ser radical / José Rafael Lantigua -- Un gran oficiante del verso / Emilia Pereyra -- La realización de un sueño / Kenny Cabrera -- Poeta al amanecer / Freddy Ginebra -- Dialogos en el paraíso : Periodismo y literatura -- La poesía no es un reflejo del mundo /Clodomiro Moquete y Pepa Acedo -- El propósito ulterior de un escritor ha de ser siempre escribir / Elsie Fernández -- Nuestra radicalidad era contra un discurso, no contra individuos / Emelyn Baldera -- Siempre creo que apenas empiezo a garabatear algunas páginas, eso me ofrece la oportunidad de seguir intentándolo cada día / Fátima Alvarez -- El arte no es reflejo de nada : es la naturaleza intervenida por el hombre / Hyden Carrón -- Nunca he tratado de hacer literatura complaciente - Mabel Caballero 91 -- La literatura es una vocación que me fue impuesta como castigo / Miguel Piccini -- Mi vocación fue siempre enseñar / Norys Sánchez -- La eterna poesía / Raysa Olivo -- La poesía es un arte para las grandes minorías / Luis Beiro -- Fondo es forma, y viceversa / Maickel Ronzino -- La ética del poeta es resistir /Jaime Priede -- José Mármol : Premio Nacional de Poesía 1987 / Angela Peña -- Los poetas sueñan con el hombre común / María Vírgen Gómez -- Voces del fuego : Las palabras del Eden -- Prefiero, simplemente, escribir / Carlos X. Ardavín -- ¿Qué son los poetas y para qué escriben? / Adrián Javier -- Conversación con un poeta / Mónica Volonteri -- Una poética del pensar /¿Néstor Rodríguez -- Sobre centauros y minotauros o el tema de las generaciones literarias en Santo Domingo / Plinio Chalín -- El poema es un hecho de lenguaje / René Rodríguez Soriano -- La literatura como cuestión vital / León David -- El poema como superación verbal del mundo / Floriano Martins -- Coloquio con José Mármol / Bruno Rosario Candelier y Marcio Veloz Maggliolo -- La poesía evoluciona hacia la oralidad /José Angel Leyva.14aMármol, Joséd1960-xEntrevistas. 4a Literatura dominicana 4aPoetas dominicanosvEntrevistas 4aPoetas dominicanos ySiglo XX